书目信息 |
| 题名: |
普通动物学(第三版)
|
|
| 作者: | 刘凌云 , 郑光美 主编 | |
| 分册: | ||
| 出版信息: | 北京 高等教育出版社 1978.5 |
|
| 页数: | 678页 | |
| 开本: | 26cm | |
| 丛书名: | ||
| 单 册: | ||
| 中图分类: | Q95 | |
| 科图分类: | ||
| 主题词: | 动物学 | |
| 电子资源: | ||
| ISBN: | 7-04-006008-6 | |
| 000 | 00623nam0 2200205 45 | |
| 001 | 0260137872 | |
| 005 | 2002061016421698 | |
| 010 | @a7-04-006008-6@dRMB 33.60 | |
| 100 | @a20020610d1978 km y0chiy0120 ea | |
| 101 | 0 | @achi |
| 102 | @aCN@b110000 | |
| 200 | 1 | @a普通动物学(第三版)@APu Tong Dong Wu Xue(Di San Ban)@f刘凌云,郑光美主编@Fliu ling yun,zheng guang mei zhu bian |
| 210 | @a北京@c高等教育出版社@d1978.5 | |
| 215 | @a678页@d26cm | |
| 606 | 0 | @a动物学 |
| 690 | @aQ95@v3 | |
| 701 | 0 | @a刘凌云@Aliu ling yun@4主编 |
| 701 | 0 | @a郑光美@Azheng guang mei@4主编 |
| 801 | 0 | @aCN@bPFT@c20020610 |
| 905 | @a安徽大学@dQ95@eL640 | |
| 普通动物学(第三版)/刘凌云,郑光美主编.-北京:高等教育出版社,1978.5 |
| 678页;26cm |
| ISBN 7-04-006008-6:RMB 33.60 |
| ● |
| 相关链接 |
|
|
|
正题名:普通动物学(第三版)
索取号:Q95/L640
 
预约/预借
| 序号 | 登录号 | 条形码 | 馆藏地/架位号 | 状态 | 备注 |
| 1 | 362154 | 203621544 | 生命科学与工程学院资料室/ [索取号:Q95/L640] | 在馆 | |
| 2 | 362155 | 203621553 | 自科库401/401自科库 36排2列3层/ [索取号:Q95/L640] | 在馆 | |
| 3 | 362156 | 203621562 | 生命科学与工程学院资料室/ [索取号:Q95/L640] | 在馆 |